| 000 | 00997nam a22002297a 4500 | ||
|---|---|---|---|
| 999 |
_c61617 _d61617 |
||
| 005 | 20251125233055.0 | ||
| 008 | s2553 th tha d | ||
| 020 | _a9789740205579 | ||
| 040 | _aNALT | ||
| 041 | _atha | ||
| 050 | _aJQ1745.A5 น139ห 2553 | ||
| 100 | 0 | _aนงนุช สิงหเดชะ, ผู้แปล | |
| 245 | 1 | 0 | _aหยุด "ทักษิณ" แผ่นดินสิ้นกรรม |
| 260 | 3 |
_aกรุงเทพฯ : _bมติชน, _c2553 |
|
| 300 |
_a143 หน้า : _b ภาพประกอบ ; _c 21 ซม. |
||
| 650 | 0 | 4 | _aความขัดแย้งทางการเมือง -- ไทย |
| 650 | 0 | 4 | _aทักษิณ ชินวัตร, 2492-- -- ความเคลื่อนไหวทางการเมือง |
| 850 | _aNALT | ||
| 856 | 4 | 0 |
_uhttps://hdl.handle.net/20.500.14156/338185 _71 |
| 942 |
_cGB _2lcc |
||